Place de la France dans les investissements en Slovaquie diplomová práca

Guardado en:
Detalles Bibliográficos
Autor principal: Kubalová, Terézia
Autor Corporativo: Fakulta aplikovaných jazykov EU v Bratislave. Katedra románskych a slovanských jazykov
Otros Autores: Dinžíková, Iveta
Formato: Libro
Lenguaje:francés
Publicado: Bratislava 2018
Etiquetas: Agregar Etiqueta
Sin Etiquetas, Sea el primero en etiquetar este registro!

MARC

LEADER 00000nbm a2200000 4500
001 0244032
005 20181011145220.8
041 0 |a fre 
044 |a SK 
245 1 0 |a Place de la France dans les investissements en Slovaquie  |b diplomová práca  |c Terézia Kubalová ; školiteľ: Iveta Dinžíková 
264 1 |a Bratislava  |c 2018 
300 |a 73 s. 
100 1 |a Kubalová, Terézia 
700 1 |a Dinžíková, Iveta 
710 2 |a Fakulta aplikovaných jazykov EU v Bratislave. Katedra románskych a slovanských jazykov